[Event "Canada vs. Sweden"]
[Site "CCCA"]
[Date "2014.12.01"]
[Round "1"]
[White "Labonté, Richard"]
[Black "Blomstrand, Gunnar"]
[Result "1-0"]
[WhiteElo "2426"]
[BlackElo "2439"]
[EventDate "2014.12.01"]
[Board "4"]
[WhiteTeam "Canada"]
[BlackTeam "Sweden"]

1.e4 e5 2.Nf3 Nc6 3.Bb5 a6 4.Ba4 Nf6 5.O-O Be7 6.Re1 b5 7.Bb3 O-O 8.c3 d5 
9.exd5 Nxd5 10.Nxe5 Nxe5 11.Rxe5 c6 12.d4 Bd6 13.Re1 Qh4 14.g3 Qh3 15.Re4 
g5 16.Qf1 Qh5 17.Nd2 f5 18.Bd1 Qh6 19.Re1 f4 20.Ne4 Bc7 21.Bd2 Bf5 22.Bf3 
g4 23.Bd1 Qg6 24.Nc5 Bd6 25.Bb3 Bxc5 26.dxc5 Bd3 27.Qg2 f3 28.Qh1 Rf5 29.
a4 Rb8 30.axb5 Rxb5 31.Ra3 Rxc5 32.h4 Rh5 33.Kh2 Be2 34.Qg1 Qd3 35.Be3 Rb5
36.Bxd5+ Rbxd5 37.Ra4 Qg6 38.Rea1 c5 39.Qe1 Rde5 40.Rf4 Rhf5 41.b4 Rxf4 
42.Bxf4 Re6 43.Qc1 Bc4 44.Be3 cxb4 45.cxb4 Qe4 46.Bc5 h6 47.Qd2 Bb5 48.Rc1
Kf7 49.Qd8 1-0

[Event "Canada vs. Sweden"]
[Site "CCCA"]
[Date "2014.12.01"]
[Round "2"]
[White "Blomstrand, Gunnar"]
[Black "Labonté, Richard"]
[Result "1/2-1/2"]
[WhiteElo "2439"]
[BlackElo "2426"]
[EventDate "2014.12.01"]
[Board "4"]
[WhiteTeam "Sweden"]
[BlackTeam "Canada"]

1.d4 d5 2.c4 c6 3.Nf3 Nf6 4.Nc3 e6 5.Bg5 h6 6.Bh4 dxc4 7.e4 g5 8.Bg3 b5 9.
Be2 Bb7 10.h4 g4 11.Ne5 Nbd7 12.Nxd7 Qxd7 13.Be5 Qe7 14.O-O Rg8 15.b3 b4 
16.Na4 c3 17.Qd3 Nd7 18.Bg3 h5 19.a3 a5 20.axb4 axb4 21.Nc5 Rxa1 22.Nxb7 
Ne5 23.Rxa1 Nxd3 24.Ra8+ Kd7 25.Bxd3 Qf6 26.e5 Qh6 27.Ra7 Kc8 1/2-1/2

[Event "Canada vs. Sweden"]
[Site "CCCA"]
[Date "2014.12.01"]
[Round "1"]
[White "Dufour, Michael"]
[Black "Nilsson, Patrik"]
[Result "1-0"]
[WhiteElo "2265"]
[BlackElo "2348"]
[EventDate "2014.12.01"]
[Board "6"]
[WhiteTeam "Canada"]
[BlackTeam "Sweden"]
[Termination "time forfeit"]

1.e4 e6 2.d4 d5 3.Nc3 Nf6 4.Bg5 Be7 5.e5 Nfd7 6.h4 c5 7.Bxe7 Kxe7 8.f4 Qb6
9.Na4 Qa5+ 10.c3 b6 11.Nf3 Ba6 12.Kf2 Bxf1 13.Rxf1 Nc6 14.Kg1 Rhc8 15.Rc1 
g6 16.h5 Rc7 17.Ng5 Rh8 18.b3 cxd4 19.cxd4 Rhc8 20.a3 1-0

[Event "Canada vs. Sweden"]
[Site "CCCA"]
[Date "2014.12.01"]
[Round "2"]
[White "Nilsson, Patrik"]
[Black "Dufour, Michael"]
[Result "1/2-1/2"]
[WhiteElo "2348"]
[BlackElo "2265"]
[EventDate "2014.12.01"]
[Board "6"]
[WhiteTeam "Sweden"]
[BlackTeam "Canada"]

1.f4 d5 2.Nf3 Nf6 3.g3 g6 4.Bg2 Bg7 5.O-O O-O 6.d3 c5 7.Nc3 d4 8.Ne4 Nxe4 
9.dxe4 Nc6 10.h3 e5 11.f5 gxf5 12.exf5 e4 13.Ng5 e3 14.Ne4 Be5 15.g4 Bc7 
16.Qd3 b6 17.Bxe3 dxe3 18.Qxe3 Qh4 19.Qf2 Qe7 20.f6 Qe5 21.Qh4 Nd4 22.Rf2 
h5 23.Nd2 Qe3 24.Nc4 Nxe2+ 25.Kf1 Ng3+ 26.Kg1 Ne2+ 27.Kf1 1/2-1/2

[Event "Canada vs. Sweden"]
[Site "CCCA"]
[Date "2014.12.01"]
[Round "1"]
[White "Sharpe, Sam"]
[Black "Nilsson, Lars G."]
[Result "1/2-1/2"]
[WhiteElo "2180"]
[BlackElo "2209"]
[EventDate "2014.12.01"]
[Board "11"]
[WhiteTeam "Canada"]
[BlackTeam "Sweden"]

1.d4 f5 2.Nc3 Nf6 3.Bf4 e6 4.e3 Bb4 5.Bd3 Bxc3+ 6.bxc3 Nc6 7.Nf3 O-O 8.O-O
b6 9.c4 d6 10.c3 Qe8 11.Nd2 e5 12.Bg3 Nh5 13.Bh4 Bd7 14.c5 dxc5 15.dxc5 e4
16.Be2 Nf6 17.Bg3 Ne5 18.Nb3 Qe7 19.Qd4 Rfe8 20.a4 Nd3 21.Bxd3 exd3 22.
cxb6 cxb6 23.Qxd3 Qe4 24.Qd4 Qxd4 25.Nxd4 Rac8 26.Nb5 Ne4 27.Nxa7 Rc5 28.
Nb5 1/2-1/2

[Event "Canada vs. Sweden"]
[Site "CCCA"]
[Date "2014.12.01"]
[Round "2"]
[White "Nilsson, Lars G."]
[Black "Sharpe, Sam"]
[Result "1/2-1/2"]
[WhiteElo "2209"]
[BlackElo "2180"]
[EventDate "2014.12.01"]
[Board "11"]
[WhiteTeam "Sweden"]
[BlackTeam "Canada"]

1.e4 e6 2.d4 d5 3.Nc3 Bb4 4.e5 c5 5.a3 Bxc3+ 6.bxc3 Ne7 7.Qg4 cxd4 8.Bd3 
Qa5 9.Ne2 O-O 10.Bg5 Ng6 11.Qg3 Nd7 12.h4 dxc3 13.f4 h5 14.Qe3 Qb6 15.Nd4 
Nc5 16.g4 Nxd3+ 17.Qxd3 Bd7 18.gxh5 f6 19.exf6 Nxf4 20.Bxf4 e5 21.Bxe5 
Rae8 22.O-O Rxe5 23.Rab1 Qd6 24.f7+ Rxf7 25.Rxf7 Kxf7 26.Qg3 Qe7 27.h6 Kg8
28.Rxb7 Re4 1/2-1/2

[Event "Canada vs. Sweden"]
[Site "CCCA"]
[Date "2014.12.01"]
[Round "1"]
[White "Taylor, Bob"]
[Black "Svensson, Christer"]
[Result "1/2-1/2"]
[WhiteElo "2088"]
[BlackElo "2196"]
[EventDate "2014.12.01"]
[Board "13"]
[WhiteTeam "Canada"]
[BlackTeam "Sweden"]

1.d4 Nf6 2.c4 g6 3.Nc3 d5 4.Nf3 Bg7 5.Qb3 dxc4 6.Qxc4 O-O 7.e4 Na6 8.Be2 
c5 9.d5 e6 10.O-O exd5 11.exd5 Re8 12.Rd1 Bf5 13.d6 h6 14.Be3 Ng4 15.Bf4 
Bxc3 16.bxc3 Re4 17.Qb5 Rxf4 18.Qxb7 c4 19.Qxa6 Bd3 20.Rxd3 cxd3 21.Qxd3 
Qb6 22.Nd4 Nxf2 23.Qe3 Qxd6 24.Rf1 Rc8 25.Rxf2 Rxf2 26.Kxf2 Qxh2 27.Nf3 
Qc7 28.c4 h5 29.Nd2 Qb6 30.Qxb6 1/2-1/2

[Event "Canada vs. Sweden"]
[Site "CCCA"]
[Date "2014.12.01"]
[Round "2"]
[White "Svensson, Christer"]
[Black "Taylor, Bob"]
[Result "1/2-1/2"]
[WhiteElo "2196"]
[BlackElo "2088"]
[EventDate "2014.12.01"]
[Board "13"]
[WhiteTeam "Sweden"]
[BlackTeam "Canada"]

1.d4 d5 2.c4 e6 3.Nf3 c6 4.Nc3 dxc4 5.a4 Bb4 6.e3 b5 7.Bd2 a5 8.axb5 Bxc3 
9.Bxc3 cxb5 10.b3 Bb7 11.bxc4 b4 12.Bb2 Nf6 13.Bd3 Nbd7 14.O-O O-O 15.Re1 
Be4 16.Bxe4 Nxe4 17.Qc2 f5 18.c5 Qc7 19.Qa4 Rfc8 20.Ra2 Qc6 21.Qb3 Ra6 22.
Rea1 Rca8 23.h3 Nef6 24.Nd2 Qb5 25.Ra4 Ne4 26.Qc4 Qc6 27.Nxe4 fxe4 28.Qe2 
Nf6 29.Bc1 Nd5 30.Bd2 Qb7 31.f3 Nc7 32.f4 h6 33.Qc4 Qd5 34.Qc2 Qc6 1/2-1/2

[Event "Canada vs. Sweden"]
[Site "CCCA"]
[Date "2014.12.01"]
[Round "1"]
[White "Bukowski, George"]
[Black "Josefsson, Kenneth"]
[Result "1/2-1/2"]
[WhiteElo "2082"]
[BlackElo "2151"]
[EventDate "2014.12.01"]
[Board "15"]
[WhiteTeam "Canada"]
[BlackTeam "Sweden"]

1.e4 Nf6 2.e5 Nd5 3.d4 d6 4.c4 Nb6 5.f4 dxe5 6.fxe5 Bf5 7.Nc3 e6 8.Nf3 Nc6
9.Be3 Be7 10.d5 exd5 11.cxd5 Nb4 12.Nd4 Bd7 13.e6 fxe6 14.dxe6 Bc6 15.Nxc6
Qxd1+ 16.Rxd1 Nc2+ 17.Kd2 Nxe3 18.Kxe3 bxc6 19.Be2 O-O 20.Rhf1 Bf6 21.Kd3 
Rfe8 22.Bg4 Rad8+ 23.Kc2 Nc4 24.Rfe1 Rb8 25.Rb1 Bg5 26.Bh5 g6 27.Bf3 Red8 
28.Ne4 Be7 29.Kc3 Ne5 30.Re3 Kg7 31.Be2 Re8 32.Nc5 Bxc5 33.Rxe5 Bd6 34.Re4
Bxh2 35.Rd1 Bd6 36.Ba6 Re7 37.Rd2 Rf8 38.Rde2 1/2-1/2

[Event "Canada vs. Sweden"]
[Site "CCCA"]
[Date "2014.12.01"]
[Round "2"]
[White "Josefsson, Kenneth"]
[Black "Bukowski, George"]
[Result "0-1"]
[WhiteElo "2151"]
[BlackElo "2082"]
[EventDate "2014.12.01"]
[Board "15"]
[WhiteTeam "Sweden"]
[BlackTeam "Canada"]

1.e4 c5 2.Nf3 d6 3.c3 Nf6 4.Qc2 Qc7 5.Na3 a6 6.Nc4 b5 7.Ne3 Bb7 8.d3 e6 9.
h3 Nbd7 10.a4 d5 11.exd5 Nxd5 12.Nxd5 Bxd5 13.axb5 axb5 14.Rxa8+ Bxa8 15.
Be2 Bd6 16.O-O O-O 17.Be3 Nf6 18.Ra1 Nd5 19.Bd2 h6 20.Ne1 c4 21.Qd1 Bb7 
22.Bf3 Rd8 23.d4 Bc6 24.Qc1 e5 25.Nc2 e4 26.Be2 f5 27.Qd1 f4 28.Bg4 Re8 
29.Bc1 g6 30.Qe1 Qe7 31.Bd1 Kg7 32.Qf1 Bb8 33.Qe1 Qc7 34.Qf1 h5 35.f3 exf3
36.gxf3 Qe7 37.Qg2 Bd7 38.Bd2 Qh4 39.Ra6 Bf5 40.Qf2 Qxh3 41.Nb4 Nxb4 42.
cxb4 Qg3+ 43.Qxg3 fxg3 44.f4 h4 45.Ra3 Bxf4 0-1

[Event "Canada vs. Sweden"]
[Site "CCCA"]
[Date "2014.12.01"]
[Round "1"]
[White "Akwei, Loving"]
[Black "Larsson, Stig"]
[Result "1/2-1/2"]
[WhiteElo "2264"]
[BlackElo "2336"]
[EventDate "2014.12.01"]
[Board "7"]
[WhiteTeam "Canada"]
[BlackTeam "Sweden"]

1.e4 e6 2.d4 d5 3.Nc3 Bb4 4.e5 c5 5.Bd2 Nh6 6.a3 Bxc3 7.Bxc3 b6 8.Nf3 Nc6 
9.Bd3 c4 10.Be2 O-O 11.b3 b5 12.O-O a5 13.Qd2 Nf5 14.Rfe1 Bd7 15.Bb2 a4 
16.bxc4 bxc4 17.Bc3 Qc7 18.Reb1 h6 19.Ra2 Rfb8 20.Rab2 Rxb2 21.Rxb2 Nfe7 
22.Qc1 Nc8 23.Bd1 N8a7 24.g3 Rb8 25.Qb1 Rxb2 26.Qxb2 Nb8 27.Bd2 Nbc6 28.
Kg2 Qb8 29.Bc1 Qxb2 30.Bxb2 f6 31.exf6 gxf6 32.Ng1 Nc8 33.Ne2 Nd6 34.Nc3 
Ne7 35.Bc1 Nef5 36.Ne2 h5 37.c3 e5 38.dxe5 fxe5 39.f4 e4 40.Ng1 d4 41.cxd4
Nxd4 42.Bb2 N6b5 43.Bxa4 Bg4 44.Kf2 c3 45.Ba1 c2 46.Bb2 Nc3 47.Bxc2 Nxc2 
48.Bxc3 Nxa3 49.Ne2 Nb5 50.Be1 Kf7 51.Ke3 Ke6 52.Nc1 Bf3 53.Nd3 Nd6 54.Ne5
Nf5+ 55.Kf2 Bd1 56.Bd2 Kd5 57.Be3 Bg4 58.Nf7 h4 59.gxh4 Bd1 60.h3 Ba4 61.
h5 Ke6 62.Ne5 1/2-1/2

[Event "Canada vs. Sweden"]
[Site "CCCA"]
[Date "2014.12.01"]
[Round "2"]
[White "Larsson, Stig"]
[Black "Akwei, Loving"]
[Result "1-0"]
[WhiteElo "2336"]
[BlackElo "2264"]
[EventDate "2014.12.01"]
[Board "7"]
[WhiteTeam "Sweden"]
[BlackTeam "Canada"]

1.e4 e5 2.Nf3 Nc6 3.Bb5 a6 4.Ba4 Nf6 5.O-O Be7 6.Re1 b5 7.Bb3 d6 8.c3 O-O 
9.h3 Na5 10.Bc2 c5 11.d4 Qc7 12.Nbd2 cxd4 13.cxd4 Bb7 14.d5 Rac8 15.Bd3 
Nd7 16.Nf1 Nc4 17.b3 Ncb6 18.Ng3 g6 19.Bh6 Rfe8 20.Bd2 Nc5 21.Rc1 Qb8 22.
Bc2 Rc7 23.Nh2 Qd8 24.Ba5 Ncd7 25.Rb1 Ba8 26.Ng4 Rb7 27.Nh6+ Kg7 28.Bd2 
Rf8 29.Qg4 Nf6 30.Qf3 Rc7 31.Rbc1 Nfd7 32.Ngf5+ gxf5 33.Qxf5 Nc8 34.Bd1 
Rxc1 35.Bxc1 Bf6 36.Bg4 Ne7 37.Qh5 Ng6 38.Bxd7 Qxd7 39.Ng4 Bd8 40.Bh6+ Kg8
41.Bxf8 Kxf8 42.Qxh7 Bg5 43.Nh6 Bxh6 44.Qxh6+ Ke8 45.Rc1 Bb7 46.h4 Nf4 47.
Qh8+ Ke7 48.Rc2 Qd8 49.Qh6 Kd7 50.Qg7 Ke7 51.Qg4 a5 52.h5 a4 53.bxa4 1-0

[Event "Canada vs. Sweden"]
[Site "CCCA"]
[Date "2014.12.01"]
[Round "1"]
[White "Sharpe, Sam"]
[Black "Larsson, Mats"]
[Result "1/2-1/2"]
[WhiteElo "2180"]
[BlackElo "2246"]
[EventDate "2014.12.01"]
[Board "10"]
[WhiteTeam "Canada"]
[BlackTeam "Sweden"]

1.d4 Nf6 2.c4 g6 3.Nc3 Bg7 4.e4 d6 5.h3 O-O 6.Bg5 c5 7.d5 e6 8.Bd3 exd5 9.
exd5 a6 10.a4 Nbd7 11.Nf3 Re8+ 12.Kf1 Ne5 13.Nxe5 Rxe5 14.Qd2 Qa5 15.Bf4 
Re8 16.Ne4 Qxd2 17.Nxd2 Rd8 18.g4 Rb8 19.Kg2 h5 20.g5 Ne8 21.Ra2 b5 22.
axb5 axb5 23.b3 bxc4 24.bxc4 Bd7 25.Rb1 1/2-1/2

[Event "Canada vs. Sweden"]
[Site "CCCA"]
[Date "2014.12.01"]
[Round "2"]
[White "Larsson, Mats"]
[Black "Sharpe, Sam"]
[Result "1/2-1/2"]
[WhiteElo "2246"]
[BlackElo "2180"]
[EventDate "2014.12.01"]
[Board "10"]
[WhiteTeam "Sweden"]
[BlackTeam "Canada"]

1.Nc3 e6 2.e4 d5 3.d4 Bb4 4.e5 c5 5.Bd2 Nh6 6.Nf3 cxd4 7.Nxd4 Nc6 8.a3 Be7
9.Bxh6 gxh6 10.Bb5 Bd7 11.Nf3 Qc7 12.Bxc6 bxc6 13.O-O c5 14.Ne2 Rb8 15.b3 
Bc6 16.Re1 O-O 17.Qd2 Kg7 18.Ng3 Rg8 19.Rad1 Qb7 20.Qf4 Kh8 21.Qxh6 Rg6 
22.Qf4 Rbg8 23.Rd3 a5 24.a4 d4 1/2-1/2

[Event "Canada vs. Sweden"]
[Site "CCCA"]
[Date "2014.12.01"]
[Round "1"]
[White "Bourgoin, Claude"]
[Black "Nordin, Nils"]
[Result "1/2-1/2"]
[WhiteElo "1860"]
[BlackElo "1943"]
[EventDate "2014.12.01"]
[Board "25"]
[WhiteTeam "Canada"]
[BlackTeam "Sweden"]

1.e4 e5 2.Nf3 Nc6 3.Bb5 a6 4.Bxc6 dxc6 5.O-O f6 6.d4 exd4 7.Nxd4 c5 8.Ne2 
Qxd1 9.Rxd1 Bd7 10.Be3 O-O-O 11.Nbc3 Re8 12.Rd2 Bc6 13.Rad1 b6 14.a4 Ne7 
15.a5 Kb7 16.axb6 cxb6 17.Nf4 Ng6 18.f3 Nxf4 19.Bxf4 g5 20.Bg3 h5 21.Rd7+ 
Bxd7 22.Rxd7+ Kc8 23.Rc7+ Kd8 24.Ra7 Re6 25.Rxa6 Ke8 26.Nd5 Kf7 27.c4 Rh7 
28.Bc7 Kg6 29.Ra8 Bd6 30.Bxb6 Rb7 31.g3 g4 32.fxg4 hxg4 33.Rg8+ Kf7 34.
Rxg4 Bf8 35.Bd8 Rb8 36.Ba5 Rxb2 37.Bc3 Re2 38.Rh4 Bd6 39.Rh7+ Kg6 40.Rh4 
Be5 41.Kf1 Rc2 42.Bxe5 fxe5 43.Ne3 Rb2 44.Rg4+ Kf7 45.Rg5 Ra6 46.Rf5+ Ke6 
47.Rf2 Rxf2+ 48.Kxf2 Ra2+ 49.Kf3 Rxh2 50.Nf1 Rb2 51.Ne3 Rb3 1/2-1/2

[Event "Canada vs. Sweden"]
[Site "CCCA"]
[Date "2014.12.01"]
[Round "2"]
[White "Nordin, Nils"]
[Black "Bourgoin, Claude"]
[Result "1-0"]
[WhiteElo "1943"]
[BlackElo "1860"]
[EventDate "2014.12.01"]
[Board "25"]
[WhiteTeam "Sweden"]
[BlackTeam "Canada"]

1.e4 e5 2.f4 exf4 3.Nf3 g5 4.Bc4 g4 5.Ne5 Qh4+ 6.Kf1 Nh6 7.d4 f3 8.Nc3 
fxg2+ 9.Kxg2 Nc6 10.Nd5 Nxe5 11.dxe5 Qh3+ 12.Kf2 Bc5+ 13.Ke2 Qg2+ 14.Kd3 
Qh3+ 15.Kd2 Kd8 16.Qf1 Qh4 17.Kc3 c6 18.Qf6+ Qxf6 19.Nxf6 Ng8 20.Bg5 Be7 
21.Bxf7 Nxf6 22.exf6 Bd6 23.Kd4 h6 24.Bh4 b6 25.e5 Bc5+ 26.Kc3 Rf8 27.Bh5 
d5 28.exd6 Bxd6 29.Rad1 Kc7 30.Rhe1 b5 31.f7 b4+ 32.Kc4 Bf5 33.Rxd6 Kxd6 
34.Be7+ Kd7 35.Bxf8 Rxf8 36.Re8 Be6+ 37.Kxb4 1-0

[Event "Canada vs. Sweden"]
[Site "CCCA"]
[Date "2014.12.01"]
[Round "1"]
[White "Labonté, Richard"]
[Black "Söderberg, Per"]
[Result "1-0"]
[WhiteElo "2426"]
[BlackElo "2524"]
[EventDate "2014.12.01"]
[Board "1"]
[WhiteTeam "Canada"]
[BlackTeam "Sweden"]

1.d4 Nf6 2.Nf3 e6 3.c4 c5 4.d5 b5 5.Bg5 b4 6.a3 h6 7.Bh4 Na6 8.e3 Bb7 9.
Be2 Be7 10.O-O d6 11.dxe6 fxe6 12.Nbd2 g5 13.Bg3 Qb6 14.h3 e5 15.Ne1 h5 
16.f3 O-O-O 17.axb4 Nxb4 18.Nd3 Nc6 19.Nb1 Rdg8 20.Nc3 a5 21.Nd5 Nxd5 22.
cxd5 Nb4 23.Nxb4 axb4 24.Ra4 Kc7 25.Qc2 Kb8 26.Rfa1 g4 27.Ra6 Bxa6 28.Rxa6
Qb7 29.Qa4 c4 30.Bxc4 1-0

[Event "Canada vs. Sweden"]
[Site "CCCA"]
[Date "2014.12.01"]
[Round "2"]
[White "Söderberg, Per"]
[Black "Labonté, Richard"]
[Result "1/2-1/2"]
[WhiteElo "2524"]
[BlackElo "2426"]
[EventDate "2014.12.01"]
[Board "1"]
[WhiteTeam "Sweden"]
[BlackTeam "Canada"]

1.e4 c5 2.Nf3 d6 3.d4 cxd4 4.Nxd4 Nf6 5.Nc3 a6 6.Be3 e5 7.Nb3 Be6 8.f3 h5 
9.Nd5 Bxd5 10.exd5 Nbd7 11.Be2 g6 12.Qd2 Bg7 13.O-O b6 14.a4 O-O 15.a5 b5 
16.c3 Qc7 17.h3 Rfe8 18.Rac1 Rac8 19.c4 bxc4 20.Rxc4 Qb7 21.Rb4 Qa8 22.Rd1
Rc7 23.Qd3 Rb8 24.Rxb8+ Qxb8 25.Nd2 Nc5 26.Bxc5 Rxc5 27.Qxa6 Bh6 28.Nc4 
Qb4 29.Qxd6 Rxc4 30.Qxf6 Be3+ 31.Kh1 Rd4 32.Rb1 Rd2 33.Bf1 Rxb2 34.Rd1 Qb3
35.Ra1 Bd4 36.d6 Rxg2 37.Bxg2 Bxa1 38.h4 Bd4 39.d7 Qd1+ 40.Kh2 Bg1+ 41.Kg3
Qxd7 42.Qxe5 Qa7 43.Qe8+ Kh7 44.Qe1 Bd4 45.f4 Qc5 46.a6 Qa3+ 47.Bf3 Qxa6 
48.Qe4 Qf6 49.Qc6 Qxc6 1/2-1/2

[Event "Canada vs. Sweden"]
[Site "CCCA"]
[Date "2014.12.01"]
[Round "1"]
[White "Rosenhek, Marvin"]
[Black "Franzén, Thomas"]
[Result "0-1"]
[WhiteElo "2081"]
[BlackElo "2129"]
[EventDate "2014.12.01"]
[Board "16"]
[WhiteTeam "Canada"]
[BlackTeam "Sweden"]

1.Nf3 Nf6 2.c4 e6 3.g3 b6 4.Bg2 Bb7 5.O-O Be7 6.d4 O-O 7.Nc3 Na6 8.Bf4 Ne4
9.Rc1 Nxc3 10.bxc3 d6 11.Qa4 Qe8 12.Qb5 Nb8 13.Nd2 Bxg2 14.Kxg2 Qxb5 15.
cxb5 a6 16.c4 f5 17.Be3 Nd7 18.a4 Nf6 19.Ra1 Ng4 20.h3 Nxe3+ 21.fxe3 Bf6 
22.Nf3 Rfc8 23.Rfb1 Kf7 24.h4 Ra7 25.Rc1 Ke7 26.Ne1 Rca8 27.a5 axb5 28.
axb6 cxb6 29.Rxa7+ Rxa7 30.cxb5 Kd7 31.Nd3 Ra5 32.Rb1 e5 33.d5 Ra3 34.Kf2 
e4 35.Nb4 g6 36.Nc2 Ra4 37.Rb4 Rxb4 38.Nxb4 Bb2 39.Nc6 Ke8 40.Nb8 Ba3 41.
Na6 Kd8 42.Nb8 Bc5 43.Nc6+ Ke8 44.Nb8 Ke7 45.Kg2 Bxe3 46.Kh2 h6 47.Kh3 Kf6
48.Nd7+ Ke7 49.Nb8 h5 50.Kh2 f4 51.gxf4 Bxf4+ 52.Kg2 Be3 53.Kg3 Kf6 0-1

[Event "Canada vs. Sweden"]
[Site "CCCA"]
[Date "2014.12.01"]
[Round "2"]
[White "Franzén, Thomas"]
[Black "Rosenhek, Marvin"]
[Result "1/2-1/2"]
[WhiteElo "2129"]
[BlackElo "2081"]
[EventDate "2014.12.01"]
[Board "16"]
[WhiteTeam "Sweden"]
[BlackTeam "Canada"]

1.Nc3 d5 2.e4 d4 3.Nce2 e5 4.Ng3 Be6 5.Nf3 f6 6.b3 Nc6 7.Bc4 Qd7 8.Bxe6 
Qxe6 9.a3 g5 10.d3 h5 11.h4 g4 12.Nd2 O-O-O 13.b4 Nce7 14.Nc4 Rh7 15.f4 
exf4 16.Bxf4 Ng6 17.Bd2 N8e7 18.Qe2 Bg7 19.b5 Ne5 20.Na5 N5g6 21.Nc4 Ne5 
22.Na5 N5g6 23.Nc4 Ne5 1/2-1/2

[Event "Canada vs. Sweden"]
[Site "CCCA"]
[Date "2014.12.01"]
[Round "1"]
[White "Ugulini, Michael"]
[Black "Agnäs, Tore"]
[Result "0-1"]
[WhiteElo "1431"]
[BlackElo "1800"]
[EventDate "2014.12.01"]
[Board "35"]
[WhiteTeam "Canada"]
[BlackTeam "Sweden"]

1.e4 d5 2.d3 dxe4 3.dxe4 Qxd1+ 4.Kxd1 e5 5.Be3 Nf6 6.Nd2 Ng4 7.Bd3 Nxe3+ 
8.fxe3 Bc5 9.Nf1 Nc6 10.Nf3 O-O 11.a3 a5 12.Ke2 Bg4 13.Bb5 Ne7 14.h3 Bxf3+
15.gxf3 Rfd8 16.Ng3 c6 17.Bc4 Rd7 18.Nf5 Nxf5 19.exf5 Rad8 20.Bd3 f6 21.
Rad1 b5 22.Rd2 Kf8 23.Rhd1 Bb6 24.e4 a4 25.b4 Bd4 26.h4 Bc3 27.h5 Bxd2 28.
Rxd2 h6 29.Kd1 Rd6 30.Kc1 Ke8 31.Kd1 R8d7 32.Ke2 Kd8 33.Kd1 Kc7 34.Ke2 Kb6
35.Kd1 c5 36.bxc5+ Kxc5 37.Ke2 b4 38.axb4+ Kxb4 39.Kd1 Kc3 40.Kc1 a3 41.
Kb1 a2+ 0-1

[Event "Canada vs. Sweden"]
[Site "CCCA"]
[Date "2014.12.01"]
[Round "1"]
[White "Thompson, Edward"]
[Black "Melin, Per"]
[Result "1-0"]
[WhiteElo "1977"]
[BlackElo "2064"]
[EventDate "2014.12.01"]
[Board "20"]
[WhiteTeam "Canada"]
[BlackTeam "Sweden"]
[Termination "time forfeit"]

1.d4 d5 2.Nf3 Nf6 3.c4 c6 4.Nc3 e6 5.Bf4 dxc4 6.e4 b5 7.Be2 Bb7 8.O-O Be7 
9.Qb1 O-O 10.b3 cxb3 11.axb3 b4 12.Na4 Ba6 13.Bxa6 Nxa6 14.Qc2 Qc8 15.Rac1
Nb8 16.Ne5 1-0

[Event "Canada vs. Sweden"]
[Site "CCCA"]
[Date "2014.12.01"]
[Round "2"]
[White "Melin, Per"]
[Black "Thompson, Edward"]
[Result "1-0"]
[WhiteElo "2064"]
[BlackElo "1977"]
[EventDate "2014.12.01"]
[Board "20"]
[WhiteTeam "Sweden"]
[BlackTeam "Canada"]

1.e4 e6 2.d4 d5 3.Nc3 Bb4 4.e5 Ne7 5.Bd2 b6 6.Nb5 Bxd2+ 7.Qxd2 a6 8.Na3 c5
9.c3 O-O 10.f4 Nbc6 11.Nf3 c4 12.Nc2 Rb8 13.g4 b5 14.h4 b4 15.h5 bxc3 16.
bxc3 f6 17.h6 g6 18.Bg2 Rb2 19.Qc1 Qb6 20.O-O f5 21.Ne3 Bd7 22.Ng5 Rb8 23.
Qe1 Rf8 24.Rb1 Rxb1 25.Qxb1 Qa5 26.Qb7 Rd8 27.gxf5 gxf5 28.Rf3 Bc8 29.Qb2 
Ng6 30.Rg3 Nce7 31.Bf3 Rd7 32.a4 Rb7 33.Qa3 Qd8 34.Qd6 Qd7 35.Nxe6 Rb1+ 
36.Kh2 Qxe6 37.Qd8+ Kf7 38.Bh5 1-0

[Event "Canada vs. Sweden"]
[Site "CCCA"]
[Date "2014.12.01"]
[Round "1"]
[White "Bowen, Francois"]
[Black "Nilsson, Nils Åke"]
[Result "1/2-1/2"]
[WhiteElo "1886"]
[BlackElo "1999"]
[EventDate "2014.12.01"]
[Board "22"]
[WhiteTeam "Canada"]
[BlackTeam "Sweden"]

1.f4 e5 2.fxe5 d6 3.Nf3 dxe5 4.e4 Nf6 5.c3 Bd6 6.d4 Qe7 7.Bd3 O-O 8.O-O 
Bg4 9.Nbd2 Nbd7 10.h3 Bh5 11.Qb3 Rad8 12.Bc2 Rfe8 13.Nh4 Be2 14.Nf5 Qf8 
15.Re1 Ba6 16.Nf3 Rc8 17.Be3 exd4 18.cxd4 Nxe4 19.Bh6 gxh6 20.Rxe4 Rxe4 
21.Bxe4 Nf6 22.Bd3 Bxd3 23.Qxd3 Re8 24.N3h4 Kh8 25.Rf1 h5 26.Qf3 Ne4 27.
Qxh5 Qg8 28.Nh6 Bh2+ 1/2-1/2

[Event "Canada vs. Sweden"]
[Site "CCCA"]
[Date "2014.12.01"]
[Round "2"]
[White "Nilsson, Nils Åke"]
[Black "Bowen, Francois"]
[Result "1-0"]
[WhiteElo "1999"]
[BlackElo "1886"]
[EventDate "2014.12.01"]
[Board "22"]
[WhiteTeam "Sweden"]
[BlackTeam "Canada"]

1.e4 c6 2.c4 d5 3.cxd5 cxd5 4.exd5 Nf6 5.Nc3 Nxd5 6.Nf3 Nxc3 7.bxc3 g6 8.
d4 Bg7 9.Bd3 O-O 10.O-O Nc6 11.Re1 Qa5 12.Bd2 Bg4 13.Be4 Rad8 14.h3 Bf5 
15.Bxc6 bxc6 16.Rxe7 c5 17.Qe1 cxd4 18.cxd4 Qd5 19.Bb4 Be6 20.Rxe6 Qxe6 
21.Qxe6 fxe6 22.Bxf8 Kxf8 23.Ng5 Ke7 24.Re1 Rd6 25.Nxh7 Bxd4 26.Ng5 e5 27.
Re2 a5 28.Kh2 Rf6 29.f3 Rb6 30.h4 Kd6 31.Rc2 Kd5 32.Rc8 Rb2 33.Rg8 Bf2 34.
Kh3 Rxa2 35.Ne4 Kc4 36.Nxf2 Rxf2 37.Rxg6 Rf1 38.h5 Rh1+ 39.Kg4 a4 40.Kg5 
a3 41.Ra6 Kb3 42.g4 a2 43.Kf5 a1=Q 44.Rxa1 Rxa1 45.g5 Rf1 46.Kxe5 Rxf3 47.
g6 Rh3 48.g7 Rxh5+ 49.Kf6 1-0

[Event "Canada vs. Sweden"]
[Site "CCCA"]
[Date "2014.12.01"]
[Round "1"]
[White "Giroux, Michel"]
[Black "Lindahl, Roland"]
[Result "0-1"]
[WhiteElo "1686"]
[BlackElo "1857"]
[EventDate "2014.12.01"]
[Board "29"]
[WhiteTeam "Canada"]
[BlackTeam "Sweden"]

1.e4 e5 2.Nf3 d6 3.d4 exd4 4.Nxd4 Be7 5.Nc3 Nf6 6.h3 a6 7.Bc4 b5 8.Bb3 Bd7
9.O-O c5 10.Bxf7+ Kxf7 11.Nf5 Bxf5 12.exf5 d5 13.Re1 b4 14.Ne2 Bd6 15.Bg5 
Nbd7 16.c3 a5 17.cxb4 axb4 18.Nf4 Bxf4 19.Bxf4 Re8 20.Kh2 Rxe1 21.Qxe1 Qe8
22.Qd2 Qe4 23.g4 h6 24.Re1 Qd4 25.Qxd4 cxd4 26.Ra1 b3 27.a3 Rc8 28.f3 Rc2+
29.Kg3 Rxb2 0-1

[Event "Canada vs. Sweden"]
[Site "CCCA"]
[Date "2014.12.01"]
[Round "2"]
[White "Lindahl, Roland"]
[Black "Giroux, Michel"]
[Result "1/2-1/2"]
[WhiteElo "1857"]
[BlackElo "1686"]
[EventDate "2014.12.01"]
[Board "29"]
[WhiteTeam "Sweden"]
[BlackTeam "Canada"]

1.e4 e5 2.Nf3 Nc6 3.Bc4 Bc5 4.O-O h6 5.a3 Nf6 6.Nc3 O-O 7.d3 d6 8.h3 Be6 
9.Bxe6 fxe6 10.Na4 Nd7 11.Nxc5 Nxc5 12.Be3 Nd7 13.c3 Ne7 14.Qb3 d5 15.Rab1
b6 16.exd5 exd5 17.d4 e4 18.Nd2 Kh8 19.Qd1 Nf5 20.Qh5 Nxe3 21.fxe3 Rxf1+ 
22.Rxf1 Nf6 23.Qe5 Qd7 24.Rf2 a5 25.Qf5 Qxf5 26.Rxf5 c5 27.Nf1 Rc8 28.Ng3 
cxd4 29.exd4 Kh7 30.Nh5 Nxh5 31.Rxh5 Rd8 32.Re5 Rd6 33.a4 Kg6 34.Kf2 
1/2-1/2

[Event "Canada vs. Sweden"]
[Site "CCCA"]
[Date "2014.12.01"]
[Round "1"]
[White "Che, Tai"]
[Black "Andersson, Sven Olof (Enköping)"]
[Result "1/2-1/2"]
[WhiteElo "1647"]
[BlackElo "1805"]
[EventDate "2014.12.01"]
[Board "31"]
[WhiteTeam "Canada"]
[BlackTeam "Sweden"]

1.d4 d5 2.c4 e6 3.Nc3 Nf6 4.Bg5 dxc4 5.Nf3 h6 6.Bf4 c6 7.e3 Be7 8.Bxc4 
Nbd7 9.Qc2 Nb6 10.Bd3 Nbd5 11.Be5 Nb4 12.Qe2 Nxd3+ 13.Qxd3 b6 14.h3 a5 15.
a3 Ba6 16.Qc2 O-O 17.Ne2 Rc8 18.O-O c5 19.Qd1 cxd4 20.exd4 Nd5 21.Re1 Bf6 
22.Ng3 Bb7 23.Nh5 Bxe5 24.Nxe5 Qg5 25.Ng3 Nf4 26.Nf3 Bxf3 27.Qxf3 Nd5 28.
Re5 Qf4 29.Qd3 Rc1+ 30.Re1 Rxa1 31.Rxa1 Rc8 32.Ne2 Qg5 33.Rb1 Nf4 34.Nxf4 
Qxf4 35.b4 axb4 36.axb4 1/2-1/2

[Event "Canada vs. Sweden"]
[Site "CCCA"]
[Date "2014.12.01"]
[Round "2"]
[White "Andersson, Sven Olof (Enköping)"]
[Black "Che, Tai"]
[Result "1-0"]
[WhiteElo "1805"]
[BlackElo "1647"]
[EventDate "2014.12.01"]
[Board "31"]
[WhiteTeam "Sweden"]
[BlackTeam "Canada"]

1.e4 g6 2.d4 d6 3.Nf3 Bg7 4.Bc4 Bg4 5.Bxf7+ Kf8 6.Bb3 e6 7.h3 Bxf3 8.Qxf3+
Qf6 9.Nd2 Ke7 10.c3 Nd7 11.O-O Qxf3 12.Nxf3 h6 13.Nh4 Ngf6 14.Nxg6+ 1-0